English in medicine a course in communication

Đã lưu trong:
書目詳細資料
格式: 圖書
標簽: 添加標簽
沒有標簽, 成為第一個標記此記錄!
Thư viện lưu trữ: Mạng thư viện Đại học Đà Nẵng
LEADER 00439nam a22001691a 4500
001 000038108
003 14403
005 20160412021225.0
008 160412s0 000
082 |a 4A(07)1670-71 
245 |a English in medicine a course in communication  |c Eric Glendinning 
OWN |a LNN 
999 |a From the UDN01 
TYP |a Monograph 
980 |a Mạng thư viện Đại học Đà Nẵng